Statistics for Top 10 Nations based off of Population

Click here to take the quiz!

General Stats

  • This quiz has been taken 9 times
  • The average score is 53 of 60

Answer Stats

HintAnswer% Correct
South AmericaArgentina
100%
OceaniaAustralia
100%
South AmericaBrazil
100%
North AmericaCanada
100%
South AmericaChile
100%
AsiaChina
100%
South AmericaColombia
100%
North AmericaCuba
100%
AfricaDemocratic Republic of the Congo
100%
AfricaEgypt
100%
EuropeFrance
100%
EuropeGermany
100%
EuropeItaly
100%
AsiaJapan
100%
AfricaNigeria
100%
AsiaPakistan
100%
South AmericaParaguay
100%
South AmericaPeru
100%
AsiaPhilippines
100%
EuropePoland
100%
EuropeRussia
100%
AfricaSouth Africa
100%
EuropeSpain
100%
AsiaTurkey
100%
EuropeUK
100%
EuropeUkraine
100%
North AmericaUsa
100%
South AmericaVenezuela
100%
AfricaAlgeria
89%
AsiaBangladesh
89%
South AmericaBolivia
89%
South AmericaEcuador
89%
AfricaEthiopia
89%
OceaniaFiji
89%
North AmericaGuatemala
89%
North AmericaHonduras
89%
AsiaIndia
89%
AsiaIndonesia
89%
AsiaIran
89%
AfricaKenya
89%
North AmericaMexico
89%
OceaniaNew Zealand
89%
North AmericaNicaragua
89%
EuropeRomania
89%
AfricaTanzania
89%
South AmericaUruguay
89%
North AmericaDominican Republic
78%
North AmericaEl Salvador
78%
North AmericaHaiti
78%
OceaniaMicronesia
78%
EuropeNetherlands
78%
OceaniaPapua New Guinea
78%
OceaniaSamoa
78%
OceaniaSolomon Islands
78%
AfricaSudan
78%
OceaniaVanuatu
78%
AsiaVietnam
78%
AfricaUganda
56%
OceaniaNew Caledonia
22%
OceaniaFrench Polynesia
11%

Score Distribution

Percentile by Number Answered

Percent of People with Each Score

Your Score History

You have not taken this quiz